[Event "Rio Verde Goiano op"]
[Site "Rio Verde"]
[Date "2023.12.02"]
[Round "3"]
[White "Vieira, Ruiago"]
[Black "Melo, Pedro Igor Goncalve"]
[Result "1-0"]
[WhiteElo "1812"]
[BlackElo "1800"]
[PlyCount "77"]
[EventDate "2023.12.01"]
[EventType "swiss"]
[EventRounds "6"]
[EventCountry "BRA"]
[SourceTitle "CBM 217 Extra"]
[Source "ChessBase"]
[SourceDate "2024.01.31"]
[SourceVersion "1"]
[SourceVersionDate "2024.01.31"]
[SourceQuality "1"]

1. c4 e6 2. Nc3 d5 3. d4 Nf6 4. g3 Nc6 5. Nf3 Bb4 6. a3 Bxc3+ 7. bxc3 0-0 8. c5 Re8 9. Bg2 e5 10. dxe5 Nxe5 11. Nxe5 Rxe5 12. Bf4 Re8 13. 0-0 c6 14. Rb1 Qa5 15. Bd6 Qxa3 16. Rb3 Qa6 17. e3 Bg4 18. Qd4 Be2 19. Rfb1 Bd3 20. Rd1 Bc2 21. Bf1 Qa2 22. Rxb7 Bxd1 23. Qxd1 Ne4 24. Qf3 Nxd6 25. cxd6 Rf8 26. Bh3 Rab8 27. Rc7 Rb1+ 28. Kg2 Qa1 29. Bf5 Rg1+ 30. Kh3 Qxc3 31. d7 Qe5 32. Rc8 Qe7 33. Qf4 g6 34. Qb8 Qg5 35. Rxf8+ Kg7 36. Rg8+ Kh6 37. Qf8+ Kh5 38. Be6 f5 39. Bxf5 1-0